Genetics and epigenetics of genitourinary diseases /

Bibliographic Details
Corporate Author: ScienceDirect (Online service)
Other Authors: Aghamir, Seyed Mohammad Kazem (Editor)
Format: eBook
Language:English
Published: London ; San Diego, CA : Academic Press, 2024.
Subjects:
Online Access:Connect to the full text of this electronic book

MARC

Tag First Indicator Second Indicator Subfields
LEADER 00000cam a22000007i 4500
001 in00005773579
005 20260327180320.3
006 m o d
007 cr cnu---unuuu
008 240831s2024 enk o 000 0 eng d
040 |a YDX  |b eng  |e rda  |c YDX  |d OPELS  |d OCLCO  |d EMU  |d OCLCO  |d N$T  |d YDX  |d UKKRT  |d OCLCL 
020 |a 9780443273032  |q electronic book 
020 |a 0443273030  |q electronic book 
020 |z 9780443273025 
020 |z 0443273022 
035 |a (OCoLC)1453617413 
050 4 |a RC872  |b .G46 2024 
082 0 4 |a 616.6  |2 23/eng/202409017 
049 |a TXAM 
245 0 0 |a Genetics and epigenetics of genitourinary diseases /  |c edited by Seyed Mohammad Kazem Aghamir. 
264 1 |a London ;  |a San Diego, CA :  |b Academic Press,  |c 2024. 
300 |a 1 online resource 
336 |a text  |b txt  |2 rdacontent 
337 |a computer  |b c  |2 rdamedia 
338 |a online resource  |b cr  |2 rdacarrier 
650 0 |a Genitourinary organs  |x Diseases  |x Genetics. 
650 6 |a Appareil urogénital  |x Maladies  |x Génétique. 
655 7 |a Electronic books.  |2 local 
700 1 |a Aghamir, Seyed Mohammad Kazem,  |e editor.  |1 https://id.oclc.org/worldcat/entity/E39PCjrQ9cXxY3krrkx4rh7KtX 
710 2 |a ScienceDirect (Online service) 
776 0 8 |i Print version:  |z 0443273022  |z 9780443273025  |w (OCoLC)1423130873 
856 4 0 |u http://proxy.library.tamu.edu/login?url=https://www.sciencedirect.com/science/book/9780443273025  |z Connect to the full text of this electronic book  |t 0 
955 |a Elsevier ScienceDirect 2026-2027 
994 |a 92  |b TXA 
999 f f |i 409e5fd8-4890-4c85-9793-ce48fcced84c  |s affa6039-6cba-48c7-97a3-4b596f32f7a1  |t 0 
952 f f |a Texas A&M University  |b College Station  |c Electronic Resources  |s www_evans  |d Available Online  |t 0  |e RC872 .G46 2024  |h Library of Congress classification 
998 f f |a RC872 .G46 2024  |t 0  |l Available Online